Es un mar, es un lago, No. es un pozo de petroleo (Registro nro. 57436)

Detalles MARC
000 -CABECERA
campo de control de longitud fija 00631nab a2200241 a 4500
001 - NÚMERO DE CONTROL
campo de control 57436
003 - IDENTIFICADOR DEL NÚMERO DE CONTROL
campo de control 128676
005 - FECHA Y HORA DE LA ÚLTIMA TRANSACCIÓN
campo de control 20201118103324.0
008 - DATOS DE LONGITUD FIJA--INFORMACIÓN GENERAL
campo de control de longitud fija ||||||n9999 ||| || ||
041 ## - CÓDIGO DE LENGUA
Código de lengua del texto/banda sonora o título independiente spa
245 #0 - MENCIÓN DE TÍTULO
Título Es un mar, es un lago, No. es un pozo de petroleo
260 ## - PUBLICACIÓN, DISTRIBUCIÓN, ETC.
Lugar de publicación, distribución, etc. Bogotá :
Nombre del editor, distribuidor, etc. Edimedios,
Fecha de publicación, distribución, etc. 1998.
300 ## - DESCRIPCIÓN FÍSICA
Extensión pp.24-26
562 ## - NOTA DE IDENTIFICACIÓN DE LA COPIA Y VERSIÓN
Número de copias 0
650 ## - PUNTO DE ACCESO ADICIONAL DE MATERIA--TÉRMINO DE MATERIA
Término de materia o nombre geográfico como elemento de entrada ANALISIS DE COYUNTURA
650 ## - PUNTO DE ACCESO ADICIONAL DE MATERIA--TÉRMINO DE MATERIA
Término de materia o nombre geográfico como elemento de entrada EXPLOTACION DE RECURSOS NATURALES
650 ## - PUNTO DE ACCESO ADICIONAL DE MATERIA--TÉRMINO DE MATERIA
Término de materia o nombre geográfico como elemento de entrada IMPACTO ECONOMICO
650 ## - PUNTO DE ACCESO ADICIONAL DE MATERIA--TÉRMINO DE MATERIA
Término de materia o nombre geográfico como elemento de entrada MAR CASPIO
650 ## - PUNTO DE ACCESO ADICIONAL DE MATERIA--TÉRMINO DE MATERIA
Término de materia o nombre geográfico como elemento de entrada PETROLEO
650 ## - PUNTO DE ACCESO ADICIONAL DE MATERIA--TÉRMINO DE MATERIA
Término de materia o nombre geográfico como elemento de entrada RECURSOS PETROLIFEROS
773 ## - ENLACE AL DOCUMENTO FUENTE/ENTRADA DE REGISTRO ANFITRIÓN
Número bibliográfico anfitrión 55980
Encabezamiento principal Summa Plus - No.134 (1998)
942 ## - ELEMENTOS DE PUNTO DE ACCESO ADICIONAL (KOHA)
Tipo de ítem Koha Artículo de Revista

No hay ítems disponibles.